[Event "Mittelrhein Verbandsliga-N 18/19"]
[Site "Nordrheinwestfalen"]
[Date "2019.03.10"]
[Round "8.3"]
[White "Loetzerich, Rolf"]
[Black "Lijic, Philippe"]
[Result "1/2-1/2"]
[WhiteElo "1927"]
[BlackElo "1781"]
[PlyCount "30"]
[EventDate "2018.09.02"]
[EventType "team-tourn"]
[EventRounds "12"]
[EventCountry "GER"]
[SourceTitle "EXT 2022"]
[Source "ChessBase"]
[SourceDate "2021.10.06"]
[SourceVersion "1"]
[SourceVersionDate "2021.10.06"]
[SourceQuality "1"]
[WhiteTeam "Eikamp ISVFB"]
[BlackTeam "Koeln Worringen"]
[WhiteTeamCountry "GER"]
[BlackTeamCountry "GER"]

1. d4 d5 2. Nf3 e6 3. Bf4 Nf6 4. e3 Bd6 5. Bxd6 Qxd6 6. c3 Nbd7 7. Nbd2 c5 8. Be2 0-0 9. 0-0 b6 10. Rc1 Bb7 11. c4 Rfc8 12. cxd5 exd5 13. dxc5 bxc5 14. Qb3 Qb6 15. Rfd1 h6 1/2-1/2